Flicktionary: Movies by Definition Quiz Stats

 Plays Quiz Updated Jun 21, 2012

Challenge
Share
Tweet
Embed
Score 0/25 Timer 06:00
0 Plays Today
Dictionary Definition Movie % Correct
A deranged or psychopathic personPsycho
93.2%
A hand or power tool used to cut hard material and equipped usually with a toothed bladeSaw
85.1%
A person engaged in a fight to the death as public entertainment for ancient RomansGladiator
80.7%
A foreign-born resident who has not been naturalized and is still a citizen of a foreign countryAlien
65.6%
A disembodied soul; especially: the soul of a dead personGhost
64.3%
One that preys, destroys, or devours Predator
60.2%
The covering made of soft smooth threads that protects particular insects during the pupa stageCocoon
58.6%
Abounding in or consisting of rocksRocky
55.5%
A subdivision of a company-sized military unit normally consisting of two or more squadsPlatoon
53%
A breaking to pieces by or as if by collisionCrash
53%
A sensation of motion in which an individual's surroundings seem to whirl dizzily Vertigo
52.9%
Any of the lines of light that appear to radiate from a bright objectRay
47.7%
A system of computers, peripherals, terminals, and databases connected by communications linesNetwork
46.3%
Dictionary Definition Movie % Correct
In or into a higher position or levelUp
42%
A thick lubricantGrease
39.8%
A curved or bent device for catching, holding, or pullingHook
38.3%
The long handle of a spear or similar weaponShaft
38.1%
The movement (as of vehicles or pedestrians) through an area or along a routeTraffic
31.1%
A small villageHamlet
31.1%
Persons who are markedly unusual or abnormalFreaks
24.4%
To reduce to a soft pulpy state by beating or pressure M*A*S*H
20.9%
A seed, or the pod containing seeds, of various climbing plants, eaten as a vegetableBean
20.1%
Generally known and talked of; especially: widely and unfavorably knownNotorious
17.7%
Something that serves to warn or remindMemento
17.1%
Lines or long narrow sections differing in color or texture from parts adjoiningStripes
12.9%

You're not logged in!

Compare scores with friends on all Sporcle quizzes.
OR
Log In

You Might Also Like...

Show Comments

Extras

Top Quizzes Today


Score Distribution

Your Account Isn't Verified!

In order to create a playlist on Sporcle, you need to verify the email address you used during registration. Go to your Sporcle Settings to finish the process.

Report this User

Report this user for behavior that violates our Community Guidelines.

Details: